00446nam a2200169Ia 4500003000400000005001700004008004100021020001800062040000600080041001200086082002000098100002100118245005500139260005800194300001500252440000900267OSt20240925152328.0240126s9999 xx 000 0 und d a9780674975651 c0 aEnglish a320.5 BAI;1 R aBailyn, Bernard. 4aThe ideological origins of the American revolution bThe Belknap Press of Harvard University PressaLondon axxxiv, 396 aNULL